Chema Dapena (Record no. 15178)
[ view plain ]
| 000 - LÍDER | |
|---|---|
| campo de control de longitud fija | 01208nam a2200205Ia 4500 |
| 008 - ELEMENTOS DE DATOS DE LONGITUD FIJA - INFORMACIÓN GENERAL | |
| campo de control de longitud fija | 0000002013 ck ad 0000000000spa00 |
| 090 ## - NÚMERO DE LLAMADA DE TIPO LC LOCALMENTE ASIGNADO (OCLC) | |
| Número de clasificación (OCLC) (R) | PSP00 D16ch |
| 245 10 - TÍTULO DECLARACIÓN | |
| Título | Chema Dapena |
| Resto del título | : cábala, la luz en el tiempo |
| Declaración de responsabilidad | / textos Enrique Serrano ...[et al.] ; curaduría Mónika Harmann ; fotografías Chema DaPena |
| 260 ## - PUBLICACIÓN, DISTRIBUCIÓN | |
| Lugar de publicación | Bogotá : Museo y Centro Cultural Casa Grau |
| Fecha de publicación | 2013 |
| 300 ## - DESCRIPCIÓN FÍSICA | |
| Alcance | 32 p. |
| Dimensiones | / 25 cm. |
| 500 ## - NOTA GENERAL | |
| Nota general | Exposición realizada en el Museo y Centro Cultural Casa Grau de Bogotá entre el 16 y el 31 de mayo de 2013 \ Exposición realizada con la colaboración de las Embajadas de Israel y de España en Colombia \ Incluye datos biográficos y cronología artística |
| 501 ## - Con nota | |
| Con nota | TEXTOS DE: Enrique Serrano Xan Rodriguez Mónika Harmann Joan Lluis Montané Alfonso Velasco Rojas José Luis Pascual Paloma Martinez Moya José Luis Del Olmo Costuel Francisco de Pablos Salomón Iben Gabirol Mosé Ben Sem Tob |
| 600 00 - ENTRADA DE SUJETO AÑADIDO - NOMBRE PERSONAL | |
| Nombre de la persona | DAPENA, CHEMA, 1955/ |
| Subdivisión general | TRABAJOS PICTORICOS |
| 650 14 - ENTRADA DE SUJETO AÑADIDO - TÉRMINO TÓPICO | |
| Término tópico o elemento de entrada del nombre geográfico | PINTURA ESPAÑOLA |
| 650 14 - ENTRADA DE SUJETO AÑADIDO - TÉRMINO TÓPICO | |
| Término tópico o elemento de entrada del nombre geográfico | CABALA EN EL ARTE |
| 650 14 - ENTRADA DE SUJETO AÑADIDO - TÉRMINO TÓPICO | |
| Subdivisión general | CATALOGOS |
| 650 14 - ENTRADA DE SUJETO AÑADIDO - TÉRMINO TÓPICO | |
| Subdivisión general | EXPOSICIONES |
| 650 14 - ENTRADA DE SUJETO AÑADIDO - TÉRMINO TÓPICO | |
| Término tópico o elemento de entrada del nombre geográfico | PINTORES ESPAÑOLES |
| 650 14 - ENTRADA DE SUJETO AÑADIDO - TÉRMINO TÓPICO | |
| Término tópico o elemento de entrada del nombre geográfico | SIMBOLISMO RELIGIOSO EN EL ARTE |
| Estado de retirada | Pérdida de estatus | Estado dañado | No para préstamo | Código de recogida | Ubicación permanente | Ubicación actual | Ubicación de las estanterías | Fecha de adquisición | Número de llamada completo | Código de barras | Fecha de la última vez que se vio | Número de copia | Precio efectivo desde | Tipo de artículo Koha |
|---|---|---|---|---|---|---|---|---|---|---|---|---|---|---|
| General | ArtNexus | ArtNexus | General | 06/09/2022 | P-SP-00 D16CH | 15487 | 06/09/2022 | Ej.1 | 06/09/2022 | Libro |